00508nam a22001692 4500001001100000005001700011008004100028020001700069040001500086100003200101245008800133250001300221260002500234300001600259650003600275650002700311000002544520151217154544.0150922s xx 000 0 eng d a0198723868 : aKABUcKABU1 aWacks, Raymond.@000018608910aUnderstanding Jurisprudence :bAn introduction to legal theory /cby Raymond Wacks. a4th ed. aUk :bO.U.P.,c2015. a xx, 379 p. 0aJurisprudencexlaw.@0000186090 0aPhilosopy.@0000186091